Fixed point theory

محفوظ في:
التفاصيل البيبلوغرافية
المؤلفون الرئيسيون: Granas, Andrzej (مؤلف), Dugundji, James (مؤلف)
التنسيق: كتاب
اللغة:الإنجليزية
منشور في: Nueva York Springer 2003
الطبعة:1a. ed
سلاسل:Springer Monographs in Mathematics
الموضوعات:
الوسوم: إضافة وسم
لا توجد وسوم, كن أول من يضع وسما على هذه التسجيلة!

MARC

LEADER 00000cam a2200000 a 4500
001 UCE9961
003 CL-VaPUC
008 151112e20030000us |||||||||||||||||eng|d
020 |a 0387001735 
082 0 4 |a 515.7248  |b GRA  |2 21 
100 0 |a Granas, Andrzej  |e author  |9 582945 
700 0 |a Dugundji, James  |e author  |9 582946 
245 1 0 |a Fixed point theory 
250 |a 1a. ed 
300 |a 690 p 
942 |c BK 
945 |d 20151112 20:22:00  |a dcastane 
260 |a Nueva York  |b Springer  |c 2003 
650 0 |a Análisis matemático   |9 260146 
650 7 |a OPERADORES NO LINEALES  |2 CL-VaPUC  |9 425391 
583 |a last modification  |c 20151112 20:22:00  |k Rodrigo Vera 
490 0 |a Springer Monographs in Mathematics 
999 |c 361595  |d 361593 
952 |0 0  |1 0  |3 erd  |4 0  |6 515_724800000000000_GRA_2003  |7 0  |8 A  |9 472187  |a BIBMAT  |b BIBMAT  |i 5249279  |o 515.7248 GRA 2003  |p 5249279  |r 2025-01-07  |w 2019-11-24  |y BK  |z Catalogado en:20151112  |k MAT